000 00890nam a2200181 a 4500
001 000045725
005 20201002052417.0
008 150508s2014 dr ac 000 0 spa d
020 _a9789945887938
040 _aDO-SdBNP
_bspa
_cBNPHU
082 _axxxx
_bxxxx
245 0 4 _aUna historia con futuro :
_bBanco Popular, 50 años a tu lado siempre /
_cMargarita Marmolejos ; presentación Manuel A. Grullón.
260 _aSanto Domingo :
_bBanco Popular Dominicano,
_c2014.
300 _a203 p. :
_bil., retrs. ;
_c29 cm.
505 0 _a50 años construyendo futuro --
_tEl popular, pionero de la banca privada dominicana --
_tHistoria de éxitos ligada al desarrollo económico del país --
_tEl Banco Popular, liderando la oferta de servicios bancarios --
_tUna imagen, una marca socialmente responsable --
700 1 2 _aGrullón, Manuel A.
_epres.
_973783
700 1 2 _aMarmolejos, Margarita
_99617
999 _c45214
_d45214